|
|
|
|
| LEADER |
00000nab a2200000 a 4500 |
| 001 |
vtls000650640 |
| 003 |
SK-MaSNL |
| 005 |
20260304095242.0 |
| 008 |
250425c1997 xo 0 slo |
| 015 |
|
|
|a SNBRA1998/01-00894
|
| 035 |
|
|
|a CLN000002834
|
| 035 |
|
|
|a urn:nbn:sk:snk-ab1msh
|
| 035 |
|
|
|a (urnnbn)urn:nbn:sk:snk:ar-004kqb
|
| 035 |
|
|
|a (uuid)3ef5dca1-571b-4494-8138-23ca803b8edc
|
| 040 |
|
|
|a SNKBUCL
|b slo
|c SNKBUCL
|e AACR2
|
| 041 |
0 |
|
|a slo
|
| 044 |
|
|
|a xo
|c SK
|
| 080 |
|
|
|a 7.091.4:371.16
|2 1997
|
| 080 |
|
|
|a 82:061.7
|2 1997
|
| 080 |
|
|
|a 82.085
|2 1997
|
| 100 |
1 |
|
|a Bartko, Ladislav,
|d 1934-
|4 aut
|9 101855
|
| 245 |
1 |
0 |
|a 30. Chalupkovo Brezno
|c Ladislav Bartko
|
| 246 |
1 |
3 |
|a Tridsiate Chalupkovo Brezno
|
| 610 |
|
7 |
|a Chalupkovo Brezno
|n (30. :
|d 1997 :
|c Brezno, Slovensko)
|2 snkbucl
|9 1392298
|
| 655 |
|
7 |
|a články z novín a časopisov
|2 snkbucl
|2 snkbucl
|9 267496
|
| 773 |
0 |
|
|t Kultúra slova
|g Roč. 31, č. 6 (1997), s. 350-354
|
| 850 |
|
|
|a Slovenská národná knižnica
|
| 852 |
|
|
|a Slovenská národná knižnica
|
| 954 |
|
|
|a odborná, vedecká literatúra pôvodná (slovenská)
|2 lita
|
| 958 |
|
|
|a article27
|
| 958 |
|
|
|a OND
|
| 958 |
|
|
|a LX
|
| 958 |
|
|
|a SK
|
| 958 |
|
|
|a EUIPO
|
| 992 |
|
|
|a RBX
|
| 999 |
|
|
|c 2831639
|d 2833569
|